| 000 | 00789nam a22002295i 4500 | ||
|---|---|---|---|
| 001 | 164847 | ||
| 003 | ES-MaACL | ||
| 005 | 20260215144917.0 | ||
| 008 | 000901s1876 fr a |||| | fre d | ||
| 040 |
_aCCPB | B _bspa _cCCPB | B |
||
| 100 | 1 |
_aSauzay, A. _9132512 |
|
| 245 | 1 | 3 |
_aLa verrerie depuis les temps les plus reculés jusqu'a nos jours / _cpar A. Sauzay. |
| 250 |
_a3e éd. rev. et augm. _bpar A. Jacquemart. |
||
| 260 |
_aParis : _bLibrairie Hachette et C\pie\s, _c1876. |
||
| 300 |
_a311 p. : _bil. ; _c18 cm. |
||
| 490 | 1 | _aBibliothèque des merveilles | |
| 650 | 4 |
_aVidrieras. _9136982 |
|
| 700 | 1 |
_aJacquemart, Albert, _d1808-1875 _9128246 |
|
| 830 | 0 |
_aBibliothèque des merveilles _9182004 |
|
| 852 |
_aES-MaACL _jG-9710 _z-- Enc. hol. |
||
| 999 |
_c164847 _d164847 |
||